Propuesta de actividades STEM con Bee-bot en matemática (Record no. 206977)
[ view plain ]
| 000 -CABECERA | |
|---|---|
| campo de control de longitud fija | 02021nab a2200313 a 4500 |
| 005 - FECHA Y HORA DE LA ÚLTIMA TRANSACCIÓN | |
| campo de control | 20251210064115.0 |
| 008 - ELEMENTOS DE LONGITUD FIJA--INFORMACIÓN GENERAL | |
| campo de control de longitud fija | 991125c2019 sp fr p o 000 0 spa d |
| 035 ## - NÚMERO DE CONTROL DEL SISTEMA | |
| Número de control de sistema | UPN01000234882 |
| 040 ## - FUENTE DE LA CATALOGACIÓN | |
| Centro catalogador/agencia de origen | MX-MxUPN |
| Lengua de catalogación | spa |
| Centro/agencia transcriptor | MX-MxUPN |
| Normas de descripción | aacr2 |
| 049 ## - COLECCIÓN | |
| Colección | ART-E |
| 100 1# - ASIENTO PRINCIPAL--NOMBRE PERSONAL | |
| Nombre de persona | Ferrada, Cristian |
| Enlace | - cristian.ferrada.1981@gmail.com |
| 100 1# - ASIENTO PRINCIPAL--NOMBRE PERSONAL | |
| Nombre de persona | Díaz Levicoy, Danilo |
| 100 1# - ASIENTO PRINCIPAL--NOMBRE PERSONAL | |
| Nombre de persona | Salgado Orellana, Norma |
| 100 1# - ASIENTO PRINCIPAL--NOMBRE PERSONAL | |
| Nombre de persona | Parraguez, Rafael |
| 245 10 - MENCIÓN DE TÍTULO | |
| Título | Propuesta de actividades STEM con Bee-bot en matemática |
| Medio | [recurso electrónico en línea] |
| 506 0# - NOTA DE RESTRICCIONES AL ACCESO | |
| Limitaciones de acceso | Acceso abierto |
| 520 3# - NOTA DE RESUMEN, ETC. | |
| Sumario, etc. | En este trabajo se propone un conjunto de actividades para estudiantes de los primeros cursos de Educación Primaria chilena en el área de matemática, concentradas en geometría,ynúmeros y operaciones, mediante la incorporación de la robótica aplicada en el aula. La propuesta de actividades está basada en la manipulación de un robotdenominado Bee-bot. Este estudio se enmarca bajo la educación STEM, considerada como una herramienta de apoyo en el proceso de enseñanza y aprendizaje, garantizando un trabajo transversal de habilidades y conocimientos. Además, permite estudiar los conceptos de robótica educativa como una herramienta para potenciar las habilidades y destrezas técnicas en el proceso de instrucción en matemática, fomentando el uso de la programación en entornos tecnológicos y el desarrollo del pensamiento computacional en estudiantes, como una forma de desarrollar la competencia en resolución de problemas. |
| 650 #4 - ASIENTO SECUNDARIO DE MATERIA - TERMINO TEMATICO | |
| Término de materia o nombre geográfico como elemento de entrada | Matemáticas |
| 9 (RLIN) | 13035 |
| 650 #4 - ASIENTO SECUNDARIO DE MATERIA - TERMINO TEMATICO | |
| Término de materia o nombre geográfico como elemento de entrada | Proceso enseñanza-aprendizaje |
| 9 (RLIN) | 42 |
| 650 #4 - ASIENTO SECUNDARIO DE MATERIA - TERMINO TEMATICO | |
| Término de materia o nombre geográfico como elemento de entrada | Educación primaria |
| 9 (RLIN) | 1552 |
| 653 0# - TERMINO DE INDIZACION - NO CONTROLADO | |
| Término no controlado | Robot educativo |
| 653 0# - TERMINO DE INDIZACION - NO CONTROLADO | |
| Término no controlado | Educación STEM |
| 653 05 - TERMINO DE INDIZACION - NO CONTROLADO | |
| Término no controlado | Chile (país) |
| 773 ## - ENLACE AL DOCUMENTO FUENTE/ENTRADA DE REGISTRO ANFITRIÓN | |
| Parte(s) relacionada(s) | Vol. 8, no. 1 (2019 ), p. 33-43 |
| Título | Edma 0-6 : educación matemática en la infancia |
| Número Internacional Normalizado para Publicaciones Seriadas | 2254-8351 |
| 856 40 - LOCALIZACIÓN Y ACCESO ELECTRÓNICOS | |
| Identificador Uniforme del Recurso | <a href="https://doi.org/10.24197/edmain.1.2019.33-43">https://doi.org/10.24197/edmain.1.2019.33-43</a> |
| 902 ## - ELEMENTOS DE DATOS B LOCAL, LDB (RLIN) | |
| Creó | GloriaJiménez/131022 |
| Modificó | GloriaJiménez/131022 |
| 905 ## - TIPO DE MATERIAL | |
| Tipo de material | Articulo |
| 942 ## - ELEMENTOS DE PUNTO DE ACCESO ADICIONAL (KOHA) | |
| Tipo de ítem Koha | Artículo Electrónico |
| Estado de retiro | Estado de pérdida | Estado dañado | No para préstamo | Código de colección | Localización permanente | Ubicación/localización actual | Ubicación en estantería | Fecha de adquisición | Total de préstamos | Fecha visto por última vez | Identificador Uniforme del Recurso | Precio válido a partir de | Tipo de ítem Koha |
|---|---|---|---|---|---|---|---|---|---|---|---|---|---|
| Acceso abierto | Bib. Gregorio Torres Quintero | Bib. Gregorio Torres Quintero | En línea | 13/10/2022 | 13/10/2022 | https://doi.org/10.24197/edmain.1.2019.33-43 | 13/10/2022 | Artículo Electrónico |
